French Loanwords - Statistics

General Stats
  • This quiz has been taken 248 times
  • The average score is 14 of 24
Answer Stats
Hint Answer % Correct
A long, narrow type of bread Baguette
98%
Type of dancing popular in Russia. Nutcracker and Swan Lake are examples Ballet
90%
A small restaurant that sells light meals and drinks, especially coffee Café
90%
A type of white sparkling wine Champagne
85%
A person, generally a woman, with dark brown hair Brunette
84%
A place that provides accommodation and meals for travelers Hotel
75%
Type of round, flat hat, stereotypically worn by painters Beret
73%
Dark figure of someone or something where no details can be distinguished but only the shape and outline Silhouette
70%
A dish that one cannot make without breaking eggs Omelette
69%
Popular sport in Canada using a stick with a catcher on the end Lacrosse
64%
A flat area of land at high altitude Plateau
62%
A man to whom someone is betrothed Fiancé
61%
Underground railway system, or a way of measuring city limits Metro
61%
A large lake, often but not always artificial, used for water supply Reservoir
58%
The deflection of something off a surface (often used in the sense of a bullet rebounding off something) Ricochet
58%
A memento taken to remember a person or place Souvenir
57%
Scattered pieces of ruble that is left after something is destroyed Debris
54%
An overused saying or idiom that often lacks its original meaning Cliché
48%
A trainee in the armed forces or police force Cadet
46%
A front that makes a misleading outward appearance Façade
34%
A type of oven-baked, light, spongy usually a dessert Souffle
24%
An informal alliance, e.g. the Allies in WWI Entente
21%
To do with flying an aircraft Aviation
19%
The deliberate destruction or obstruction to something, particularly a military or political advantage Sabotage
14%
No matching quizzes found
Score Distribution
Percent of People with Each Score
Percentile by Number Answered
Your Score History
You have not taken this quiz